Libertad de imprenta, política y educación : (Record no. 144049)

MARC details
000 -CABECERA
campo de control de longitud fija 00714nam a2200205 u 4500
005 - FECHA Y HORA DE LA ÚLTIMA TRANSACCIÓN
campo de control 20210223131054.0
008 - ELEMENTOS DE LONGITUD FIJA--INFORMACIÓN GENERAL
campo de control de longitud fija 090820s2006 mx r 000 0 spa d
020 ## - NÚMERO INTERNACIONAL NORMALIZADO PARA LIBROS
Número Internacional Estándar del Libro 9706841423
035 ## - NÚMERO DE CONTROL DEL SISTEMA
Número de control de sistema UPN01000171945
049 ## - COLECCIÓN
Colección CG
050 #4 - SIGNATURA TOPOGRÁFICA DE LA BIBLIOTECA DEL CONGRESO
Número de clasificación PN4748 M6
Número de documento/Ítem D4.4
100 1# - ASIENTO PRINCIPAL--NOMBRE PERSONAL
Nombre de persona Delgado Carranco, Susana María
245 10 - MENCIÓN DE TÍTULO
Título Libertad de imprenta, política y educación :
Resto del título su planteamiento y discusión en el Diario de México, 1810-1817/
Mención de responsabilidad, etc. Susana María Delgado Carranco.
260 ## - PUBLICACIÓN, DISTRIBUCIÓN, ETC.
Lugar de publicación, distribución, etc. México :
Nombre del editor, distribuidor, etc. Instituto Mora,
Fecha de publicación, distribución, etc. 2006.
300 ## - DESCRIPCIÓN FÍSICA
Extensión 290 p.
440 #0 - MENCIÓN DE SERIE/ASIENTO SECUNDARIO--TÍTULO
Título Historia social y cultural
650 #4 - ASIENTO SECUNDARIO DE MATERIA - TERMINO TEMATICO
Término de materia o nombre geográfico como elemento de entrada LIBERTAD DE PRENSA -
Subdivisión geográfica MEXICO -
Subdivisión general HISTORIA -
Subdivisión cronológica SIGLO XIX
9 (RLIN) 14947
610 24 - ASIENTO SECUNDARIO DE MATERIA - NOMBRE CORPORATIVO
Nombre de entidad corporativa o nombre de jurisdicción como elemento de entrada DIARIO DE MEXICO
9 (RLIN) 14981
905 ## - TIPO DE MATERIAL
Tipo de material Libro
Holdings
Estado de retiro Estado de pérdida Fuente del sistema de clasificación o colocación Estado dañado No para préstamo Código de colección Localización permanente Ubicación/localización actual Ubicación en estantería Total de préstamos Clasificación Código de barras Fecha visto por última vez Número de copia Tipo de ítem Koha
    Library of Congress Classification     Colección General Bib. Gregorio Torres Quintero Bib. Gregorio Torres Quintero Planta baja 2 PN4748 M6 D4.4 266543 31/12/2020 1 Libro
    Library of Congress Classification     Colección General Bib. Gregorio Torres Quintero Bib. Gregorio Torres Quintero Planta baja   PN4748 M6 D4.4 266542 31/12/2020 1 Libro